[Event "VIII Festival A"]
[Site "Salsomaggiore Terme ITA"]
[Date "2004.05.16"]
[Round "6"]
[White "Bozuffi, Italo"]
[Black "Catalano, Luigi"]
[Result "1-0"]
[WhiteElo "1700"]
[BlackElo "1622"]
[PlyCount "164"]
[EventDate "2004.05.14"]

1. f4 d5 2. Nf3 b6 3. e3 Bb7 4. b3 e6 5. Bb2 Nf6 6. Be2 Be7 7. O-O Nbd7 8. c4
O-O 9. h3 Ne4 10. Qe1 dxc4 11. Bxc4 Ndc5 12. d4 Nd7 13. Nbd2 a6 14. Bd3 Ndf6
15. Nxe4 Bxe4 16. Bxe4 Nxe4 17. Rc1 c5 18. dxc5 Nxc5 19. Rd1 Qc7 20. Be5 Qb7
21. Qe2 Ne4 22. Kh2 f6 23. Bd4 Rac8 24. Rc1 b5 25. Nd2 Nd6 26. Bc5 Rc6 27. Bxd6
Rxd6 28. Nf3 Rfd8 29. Rfd1 Rd5 30. Rxd5 Rxd5 31. Rd1 Bc5 32. Rxd5 Qxd5 33. e4
Qc6 34. Qd3 Qc7 35. g3 Kf7 36. e5 f5 37. Ng5+ Ke7 38. Nxh7 Qb6 39. Qd1 Bb4 40.
Qe2 Qd4 41. Ng5 a5 42. Qg2 Qb6 43. h4 g6 44. Kh3 Qd8 45. Qb7+ Qd7 46. Qxd7+
Kxd7 47. Nf3 Bc3 48. g4 Kc6 49. h5 fxg4+ 50. Kxg4 gxh5+ 51. Kxh5 Kd5 52. Kg4
Ke4 53. Ng5+ Kd5 54. Kf3 Bd2 55. Ne4 Be1 56. Ke3 a4 57. bxa4 bxa4 58. Kd3 a3
59. Nf6+ Kc5 60. Nd7+ Kd5 61. Nb6+ Kc5 62. Nc4 Bb4 63. Nd6 Kd5 64. Nb5 Kc5 65.
Nc7 Kc6 66. Nxe6 Kd7 67. f5 Ke7 68. Nd4 Kf7 69. Kc4 Bf8 70. Kd3 Bg7 71. Nb5 Bf8
72. e6+ Ke8 73. f6 Kd8 74. e7+ Bxe7 75. fxe7+ Kxe7 76. Nxa3 Kd7 77. Kc4 Kc7 78.
Kb5 Kb7 79. Nc4 Ka7 80. a4 Kb7 81. a5 Ka7 82. a6 Ka8 1-0

[Event "VIII Festival A"]
[Site "Salsomaggiore Terme ITA"]
[Date "2004.05.16"]
[Round "6"]
[White "Capurro, Giuliano"]
[Black "Molteni, Costantino"]
[Result "1-0"]
[WhiteElo "2067"]
[BlackElo "1850"]
[PlyCount "101"]
[EventDate "2004.05.14"]

1. e4 Nf6 2. e5 Nd5 3. Nc3 Nxc3 4. dxc3 d6 5. Nf3 Bg4 6. Bf4 Nd7 7. exd6 exd6
8. Be2 Be7 9. h3 Bh5 10. O-O O-O 11. Qd5 Bxf3 12. Bxf3 c6 13. Qd2 d5 14. Rad1
Nb6 15. b3 Bf6 16. Be3 Re8 17. a4 Qc7 18. a5 Nd7 19. c4 Ne5 20. cxd5 Nxf3+ 21.
gxf3 cxd5 22. Qxd5 a6 23. Qc5 Rac8 24. Qxc7 Rxc7 25. c4 Bc3 26. Rd5 h6 27. Rfd1
Rce7 28. f4 Re6 29. Kg2 R8e7 30. Kf3 f6 31. R1d3 Bb4 32. Bd2 Bxd2 33. Rxd2 Kf7
34. Rd7 Re1 35. Rxe7+ Rxe7 36. Rd6 f5 37. Rb6 Ke8 38. b4 Kd8 39. b5 axb5 40.
cxb5 Kc7 41. Rg6 Kb8 42. Rd6 Kc7 43. Rd5 g6 44. Re5 Rd7 45. Ke3 Rd6 46. Re7+
Kc8 47. b6 Rd5 48. Re5 Rd6 49. Rc5+ Kb8 50. Rc4 Rd5 51. Rd4 1-0

[Event "VIII Festival A"]
[Site "Salsomaggiore Terme ITA"]
[Date "2004.05.16"]
[Round "6"]
[White "Cenci, Federico"]
[Black "Terbonati, Paolo"]
[Result "1-0"]
[WhiteElo "1649"]
[BlackElo "1925"]
[PlyCount "77"]
[EventDate "2004.05.14"]

1. e4 c5 2. Nf3 d6 3. d4 cxd4 4. Nxd4 Nf6 5. Nc3 g6 6. Be3 Bg7 7. f3 O-O 8. Qd2
Re8 9. Bc4 Nc6 10. O-O-O Na5 11. Bb3 Nxb3+ 12. axb3 Bd7 13. Bh6 Qa5 14. Kb1
Rac8 15. Bxg7 Kxg7 16. h4 h5 17. Nd5 Qxd2 18. Rxd2 Nxd5 19. exd5 Rc5 20. c4 a5
21. Kc2 b5 22. Kd3 a4 23. bxa4 bxc4+ 24. Kc3 Bxa4 25. Ra1 Ra8 26. Nc2 Rca5 27.
Ne3 Bd7 28. Rxa5 Rxa5 29. Kxc4 Kf6 30. b4 Bb5+ 31. Kb3 Ra1 32. Nc2 Rh1 33. Nd4
Ba6 34. b5 Bb7 35. Nc6 e6 36. dxe6 Kxe6 37. Nd8+ Kd7 38. Nxb7 Ra1 39. Nxd6 1-0

[Event "VIII Festival A"]
[Site "Salsomaggiore Terme ITA"]
[Date "2004.05.16"]
[Round "6"]
[White "Diotallevi, Maurizio"]
[Black "Brancaleoni, Maurizio"]
[Result "0-1"]
[WhiteElo "2099"]
[BlackElo "2296"]
[PlyCount "144"]
[EventDate "2004.05.14"]

1. d4 d5 2. Bg5 f6 3. Bf4 Nc6 4. Nf3 g5 5. Bg3 g4 6. Ng1 h5 7. h4 Nh6 8. e3 Nf5
9. Bd3 Nb4 10. Ne2 c6 11. c3 Nxd3+ 12. Qxd3 Qb6 13. Qc2 Bd7 14. O-O O-O-O 15.
Nd2 e5 16. Nb3 Be6 17. Nd2 Bh6 18. Rfe1 Bg7 19. Nb3 Nd6 20. Nd2 Bf5 21. Qb3 Bd3
22. Qxb6 axb6 23. Rad1 Nf5 24. Nf1 Be4 25. Nd2 Bc2 26. Rc1 Bd3 27. Nf1 Rde8 28.
Rcd1 Be4 29. Rc1 Bh6 30. Rcd1 b5 31. a3 Nd6 32. Nd2 Bc2 33. Rc1 Bd3 34. Rcd1
Kc7 35. Ra1 Nf5 36. Nf1 Kd7 37. Rad1 Be4 38. Kh2 Re7 39. Rd2 Nd6 40. b3 Ra8 41.
Ra1 Bg6 42. Rb2 Bg7 43. Nd2 Ree8 44. Nc1 Ra7 45. Rba2 Nf5 46. a4 b4 47. dxe5
bxc3 48. Nb1 Nxg3 49. Kxg3 c2 50. Na3 fxe5 51. Nxc2 Bxc2 52. Rxc2 e4 53. Raa2
Be5+ 54. f4 exf3+ 55. Kf2 Rf8 56. g3 Raa8 57. Nd3 Bd6 58. Ra1 Rfe8 59. Rac1 Re4
60. Nc5+ Bxc5 61. Rxc5 Rae8 62. R1c3 R8e6 63. Rd3 b6 64. Rc2 Rd6 65. Rcd2 Ke6
66. a5 bxa5 67. Ra2 c5 68. Rxa5 d4 69. Ra2 dxe3+ 70. Rxe3 Rxe3 71. Kxe3 Rb6 72.
Ra3 Ke5 0-1

[Event "VIII Festival A"]
[Site "Salsomaggiore Terme ITA"]
[Date "2004.05.16"]
[Round "6"]
[White "Dragojlovic, Andjelko"]
[Black "Pegoraro, Nicola"]
[Result "1-0"]
[WhiteElo "2340"]
[BlackElo "2066"]
[PlyCount "73"]
[EventDate "2004.05.14"]

1. e4 c5 2. Nf3 d6 3. c3 Nf6 4. Be2 Nbd7 5. Qc2 Qc7 6. O-O e6 7. Re1 Be7 8. Bd1
O-O 9. d4 cxd4 10. cxd4 Qxc2 11. Bxc2 b6 12. Nc3 Bb7 13. Bf4 Nh5 14. Be3 g6 15.
Nd2 g5 16. a4 Rac8 17. a5 b5 18. a6 Ba8 19. Bd3 b4 20. Nb5 Nf4 21. Bf1 Rc2 22.
b3 Bf6 23. g3 Ng6 24. Bd3 Rb2 25. Reb1 Rxb1+ 26. Rxb1 e5 27. d5 Nc5 28. Bxc5
dxc5 29. Nxa7 Rd8 30. Nc4 Nf8 31. Nb6 Nd7 32. Nac8 Nxb6 33. Nxb6 Kf8 34. Ra1
Be7 35. Bb5 Bd6 36. Nxa8 Rxa8 37. a7 1-0

[Event "VIII Festival A"]
[Site "Salsomaggiore Terme ITA"]
[Date "2004.05.16"]
[Round "6"]
[White "Ficco, Corrado"]
[Black "Ambrosi, Eleonora"]
[Result "1-0"]
[WhiteElo "2090"]
[BlackElo "2118"]
[PlyCount "95"]
[EventDate "2004.05.14"]

1. e4 c5 2. Nf3 Nc6 3. d4 cxd4 4. Nxd4 Qc7 5. Nc3 e6 6. Be2 a6 7. O-O Nf6 8.
Be3 Bb4 9. Na4 Be7 10. Nxc6 bxc6 11. Nb6 Rb8 12. Nxc8 Qxc8 13. e5 Nd5 14. Bc1
Bc5 15. c4 Ne7 16. b3 Qc7 17. Bb2 d6 18. exd6 Bxd6 19. h3 Bh2+ 20. Kh1 Be5 21.
Qc2 c5 22. Bxe5 Qxe5 23. Rae1 Qc7 24. Bf3 O-O 25. Be4 f5 26. Bf3 e5 27. Bd5+
Kh8 28. Qc3 Ng6 29. g3 a5 30. Qe3 e4 31. f4 Rb6 32. Rf2 a4 33. bxa4 Rfb8 34. g4
Nh4 35. Kh2 Rb2 36. Rxb2 Rxb2+ 37. Kg3 Qe7 38. g5 Ng2 39. Qc3 Qc7 40. Qxb2 Nxf4
41. Qd2 Nxd5+ 42. Kg2 Nf4+ 43. Kh1 Nxh3 44. Rd1 g6 45. Qd8+ Qxd8 46. Rxd8+ Kg7
47. a5 f4 48. a6 1-0

[Event "VIII Festival A"]
[Site "Salsomaggiore Terme ITA"]
[Date "2004.05.16"]
[Round "6"]
[White "Garofalo, Sergio"]
[Black "Castellano, Alfonso"]
[Result "0-1"]
[WhiteElo "1784"]
[BlackElo "1922"]
[PlyCount "64"]
[EventDate "2004.05.14"]

1. d4 Nf6 2. Nf3 g6 3. g3 Bg7 4. Bg2 O-O 5. O-O d6 6. h3 Nbd7 7. c4 c6 8. Nc3
e5 9. d5 Nb6 10. dxc6 bxc6 11. c5 Nbd5 12. Bg5 Nxc3 13. bxc3 e4 14. Nd4 dxc5
15. Nxc6 Qc7 16. Bxf6 Bxf6 17. Bxe4 Bb7 18. Qa4 Rfc8 19. Rab1 Bxc6 20. Bxc6
Qxc6 21. Qxc6 Rxc6 22. Rfd1 Rc7 23. c4 Kg7 24. Rd5 Rd8 25. e4 Rxd5 26. cxd5 c4
27. Rc1 c3 28. Rc2 Rb7 29. Kg2 Rb2 30. Rc1 Bd4 31. d6 Rxf2+ 32. Kh1 Rd2 0-1

[Event "VIII Festival A"]
[Site "Salsomaggiore Terme ITA"]
[Date "2004.05.16"]
[Round "6"]
[White "Giretti Kanev, Jasen"]
[Black "Mrdja, Milan"]
[Result "1/2-1/2"]
[WhiteElo "2153"]
[BlackElo "2405"]
[PlyCount "56"]
[EventDate "2004.05.14"]

1. e4 c5 2. Nf3 d6 3. c3 Nf6 4. Be2 Nbd7 5. d3 b6 6. Nbd2 Bb7 7. O-O Rc8 8. Re1
e6 9. Bf1 Be7 10. d4 cxd4 11. cxd4 O-O 12. Bd3 Qc7 13. Nf1 Rfd8 14. Ng3 g6 15.
Be3 Re8 16. Rc1 Qb8 17. Qd2 Rxc1 18. Qxc1 e5 19. d5 Nc5 20. Bc2 Rc8 21. Qd2 a5
22. h4 Re8 23. h5 Qd8 24. hxg6 hxg6 25. a3 Ba6 26. b4 Ncd7 27. bxa5 bxa5 28.
Ba4 Nh7 1/2-1/2

[Event "VIII Festival A"]
[Site "Salsomaggiore Terme ITA"]
[Date "2004.05.16"]
[Round "6"]
[White "Grillo, Francesco"]
[Black "Bavosi, Mariano"]
[Result "1-0"]
[WhiteElo "1646"]
[BlackElo "1547"]
[PlyCount "95"]
[EventDate "2004.05.14"]

1. d4 d5 2. Nc3 e6 3. Nf3 Nc6 4. Bf4 Bb4 5. e3 Nf6 6. a3 Ba5 7. b4 Bb6 8. Bd3
a5 9. b5 Ne7 10. O-O O-O 11. Re1 Ng6 12. Be5 Nxe5 13. dxe5 Nd7 14. e4 dxe4 15.
Nxe4 f5 16. Neg5 Qe7 17. Qe2 Nc5 18. Bc4 h6 19. Nh3 g5 20. Nd4 Ne4 21. Nxf5
Rxf5 22. Qxe4 Qf7 23. Re2 h5 24. g4 hxg4 25. Qxg4 Qg6 26. Bd3 Bd7 27. Bxf5 Qxf5
28. Qxf5 exf5 29. a4 g4 30. Nf4 c5 31. Rd1 Be8 32. Nd5 Bd8 33. e6 g3 34. e7
gxh2+ 35. Kxh2 Kf7 36. exd8=Q Rxd8 37. Red2 Kg7 38. Nc7 Rc8 39. Ne6+ Kf6 40.
Rd8 Rxd8 41. Nxd8 Bh5 42. Rd6+ Ke7 43. Rd5 Bf3 44. Rd3 Be4 45. Rd2 c4 46. c3
Bd3 47. Nxb7 Kd7 48. Nc5+ 1-0

[Event "VIII Festival A"]
[Site "Salsomaggiore Terme ITA"]
[Date "2004.05.16"]
[Round "6"]
[White "Marson, Luca"]
[Black "Cottarelli, Franco"]
[Result "0-1"]
[WhiteElo "1868"]
[BlackElo "1942"]
[PlyCount "125"]
[EventDate "2004.05.14"]

1. e4 c6 2. d4 d5 3. f3 e6 4. Nc3 Bb4 5. Nge2 dxe4 6. fxe4 Qh4+ 7. Ng3 Nf6 8.
Bd3 Nbd7 9. Qf3 e5 10. O-O O-O 11. d5 Bc5+ 12. Kh1 Nb6 13. dxc6 bxc6 14. h3
Bxh3 15. Bg5 Bxg2+ 16. Kxg2 Qxg5 17. Rae1 h5 18. Qf5 Qxf5 19. Nxf5 Ng4 20. Nd1
Rad8 21. Nde3 Nxe3+ 22. Nxe3 Bd4 23. b3 Rd6 24. Nf5 Rg6+ 25. Kh3 Bc5 26. Kh4
Rg2 27. Re2 Rxe2 28. Bxe2 g6 29. Ng3 Nd7 30. c3 Kg7 31. b4 Be7+ 32. Kh3 Nf6 33.
Rg1 Kh6 34. Bf3 Rd8 35. Ne2 Rd3 36. Kg2 g5 37. Ng3 Bd8 38. Rd1 Rxd1 39. Bxd1 h4
40. Nf5+ Kg6 41. Bc2 Nd7 42. a4 Nf8 43. Nd6 Ne6 44. Nc8 a6 45. Na7 c5 46. b5
axb5 47. axb5 Ba5 48. Nc6 Bb6 49. Nxe5+ Kg7 50. Nd7 Ba5 51. b6 Nd8 52. Nxc5
Bxb6 53. Nd7 Bc7 54. Bd1 Ne6 55. Bg4 Nf4+ 56. Kh1 f6 57. Nc5 Kf7 58. Na6 Be5
59. c4 Ke7 60. c5 Kd8 61. c6 Nd3 62. Kg2 Bc7 63. Kf1 {...} 0-1

[Event "VIII Festival A"]
[Site "Salsomaggiore Terme ITA"]
[Date "2004.05.16"]
[Round "6"]
[White "Miladinovic, Igor"]
[Black "Gromovs, Sergejs"]
[Result "1-0"]
[WhiteElo "2614"]
[BlackElo "2291"]
[PlyCount "111"]
[EventDate "2004.05.14"]

1. d4 d5 2. Bg5 Bf5 3. e3 Nf6 4. Bxf6 gxf6 5. Ne2 e5 6. Ng3 Be6 7. c3 c6 8. Nd2
Nd7 9. Qh5 Qb6 10. Rb1 c5 11. Be2 cxd4 12. exd4 O-O-O 13. O-O Rg8 14. a4 Rg6
15. b4 Qd6 16. Bb5 f5 17. Bxd7+ Bxd7 18. Nxf5 Qf6 19. Ne3 Be6 20. f4 exf4 21.
Rxf4 Qg7 22. Rf2 Rg5 23. Qe2 Bd6 24. Nf3 Qh6 25. Nf1 Rh5 26. Ne5 Rg8 27. Re1
Rh4 28. Nxf7 Bxf7 29. Rxf7 Re4 30. Qf2 Rxe1 31. Qxe1 Rxg2+ 32. Kxg2 Qg6+ 33.
Ng3 Qxf7 34. Qf2 Qxf2+ 35. Kxf2 Kd7 36. Kf3 Ke6 37. Kg4 Bc7 38. Kg5 Bd6 39. Nf1
Bf8 40. Nd2 Bd6 41. Nf3 Bc7 42. Kg4 Kf6 43. h4 h6 44. Ne5 Bd6 45. Nd7+ Ke7 46.
Nc5 b6 47. Nd3 Kf6 48. Ne5 Ke6 49. Kh5 a5 50. bxa5 bxa5 51. Kxh6 Ba3 52. Kg6
Bb2 53. h5 Bxc3 54. Nf3 Bb4 55. Ng5+ Kd7 56. h6 1-0

[Event "VIII Festival A"]
[Site "Salsomaggiore Terme ITA"]
[Date "2004.05.16"]
[Round "6"]
[White "Mussap, Angelo"]
[Black "Pipitone, Antonio"]
[Result "1-0"]
[WhiteElo "1904"]
[BlackElo "2028"]
[PlyCount "99"]
[EventDate "2004.05.14"]

1. e4 c5 2. Nf3 d6 3. d4 cxd4 4. Nxd4 Nf6 5. Nd2 Nc6 6. Bb5 Bd7 7. Ne2 Qa5 8.
Bc4 Nxe4 9. O-O Nxd2 10. Bxd2 Qc5 11. b3 Ne5 12. Be3 Qc7 13. Bd5 e6 14. Be4 Bc6
15. Bxc6+ bxc6 16. c4 Be7 17. Qd2 Ng4 18. Bf4 e5 19. h3 Nf6 20. Bh2 O-O 21. Ng3
Rfe8 22. Rae1 d5 23. Nf5 Ne4 24. Qc1 Qd7 25. g4 Bf6 26. Qd1 Rad8 27. f4 exf4
28. Bxf4 g6 29. Nh6+ Kh8 30. Bc1 Qc7 31. Rf3 dxc4 32. Qc2 Bd4+ 33. Kg2 Nf6 34.
Rxe8+ Rxe8 35. Qxc4 Ba1 36. Nxf7+ Kg8 37. Nd6+ Kg7 38. Rxf6 Re7 39. Re6 Qd7 40.
Rxe7+ Qxe7 41. Ne4 Qd7 42. Qe2 Qd5 43. Bb2+ Bxb2 44. Qxb2+ Kh6 45. Qd2+ g5 46.
Qxd5 cxd5 47. Nf6 d4 48. Kf3 Kg6 49. Nd5 h5 50. Ke4 1-0

[Event "VIII Festival A"]
[Site "Salsomaggiore Terme ITA"]
[Date "2004.05.16"]
[Round "6"]
[White "Napoli, Nicolo'"]
[Black "Winfridsson, Ola"]
[Result "1-0"]
[WhiteElo "2127"]
[BlackElo "2057"]
[PlyCount "55"]
[EventDate "2004.05.14"]

1. e4 c6 2. d4 d5 3. e5 Bf5 4. Ne2 e6 5. Ng3 Bg6 6. h4 h5 7. Be2 Nd7 8. Nd2 c5
9. c3 Qb6 10. Nf3 cxd4 11. cxd4 Bb4+ 12. Bd2 Bxd2+ 13. Qxd2 Rc8 14. Rc1 Rxc1+
15. Qxc1 Ne7 16. O-O O-O 17. Qd2 Nc6 18. Rd1 Rc8 19. Ng5 Qa5 20. Qf4 Qa4 21.
Nxh5 Ncxe5 22. dxe5 Rc4 23. b3 Rxf4 24. bxa4 Rxa4 25. Rc1 Nb6 26. Rc7 Rxa2 27.
Rxb7 Rc2 28. Nf4 1-0

[Event "VIII Festival A"]
[Site "Salsomaggiore Terme ITA"]
[Date "2004.05.16"]
[Round "6"]
[White "Panizzi, Giuseppe"]
[Black "Giannetta, Paolo"]
[Result "1-0"]
[WhiteElo "2037"]
[BlackElo "1805"]
[PlyCount "84"]
[EventDate "2004.05.14"]

1. d4 d6 2. Nf3 g6 3. g3 f5 4. Nc3 Nf6 5. Bg2 Bg7 6. O-O O-O 7. Bf4 c6 8. Qd2
Qb6 9. Rab1 Ne4 10. Qd3 Nxc3 11. bxc3 Qa6 12. Qd2 Nd7 13. Bh6 Nf6 14. Bxg7 Kxg7
15. Qe3 Re8 16. Qd3 Qxd3 17. cxd3 e5 18. dxe5 dxe5 19. Nd2 Nd5 20. Rfc1 Nb6 21.
c4 Re7 22. c5 Nd5 23. a4 Be6 24. Nc4 Kf6 25. e4 Nc7 26. Rxb7 Bxc4 27. Rxc4 fxe4
28. Bxe4 Nd5 29. Rxe7 Kxe7 30. d4 Ke6 31. dxe5 Kxe5 32. f4+ Ke6 33. Bf3 Rb8 34.
Re4+ Kf6 35. Re5 Rb1+ 36. Kg2 Rb2+ 37. Kh3 Ne7 38. Bd1 Rb1 39. Bc2 Rb4 40. Bd1
Rb1 41. Bc2 Rb2 42. Bd3 42... Rb4 {...} 1-0

[Event "VIII Festival A"]
[Site "Salsomaggiore Terme ITA"]
[Date "2004.05.16"]
[Round "6"]
[White "Roversi, Stefano"]
[Black "Traversi, Carlo"]
[Result "1-0"]
[WhiteElo "1896"]
[BlackElo "1828"]
[PlyCount "107"]
[EventDate "2004.05.14"]

1. e4 Nc6 2. d4 e5 3. Nf3 exd4 4. Nxd4 Bc5 5. Be3 Qf6 6. c3 Bb6 7. Be2 Nge7 8.
O-O O-O 9. Na3 a6 10. Nc4 Ba7 11. a4 d6 12. b4 Ne5 13. b5 Qg6 14. Nxe5 dxe5 15.
Nc2 Bxe3 16. Nxe3 Qxe4 17. Bd3 Qh4 18. Qf3 Qf4 19. Nd5 Nxd5 20. Qxd5 Rb8 21. g3
Qf6 22. Rad1 Be6 23. Qe4 g6 24. Rfe1 Bb3 25. Rb1 Be6 26. Qxe5 Qxe5 27. Rxe5
axb5 28. Rexb5 b6 29. a5 Bd7 30. R5b4 Ra8 31. axb6 cxb6 32. Rxb6 Rfd8 33. Rd6
Kf8 34. Rd4 Ke7 35. Re1+ Be6 36. Bc4 Rxd4 37. cxd4 Kd6 38. Bxe6 fxe6 39. Re4
Rf8 40. Kg2 Kd5 41. Re5+ Kxd4 42. Rxe6 Rf7 43. f4 Kd5 44. Re8 Kd6 45. Kh3 Kd7
46. Re5 h6 47. Kg4 Kd6 48. h4 Rg7 49. Re8 Kd7 50. Rh8 h5+ 51. Kg5 Ke7 52. Ra8
Ke6 53. Ra6+ Kf7 54. Rf6+ 1-0

[Event "VIII Festival A"]
[Site "Salsomaggiore Terme ITA"]
[Date "2004.05.16"]
[Round "6"]
[White "Salati, Paolo"]
[Black "Bocci, Alessandro"]
[Result "0-1"]
[WhiteElo "1959"]
[BlackElo "1781"]
[PlyCount "58"]
[EventDate "2004.05.14"]

1. e4 d5 2. e5 Bf5 3. d4 e6 4. Nf3 c5 5. c3 Nc6 6. Qb3 Qc7 7. Be2 cxd4 8. cxd4
Nxd4 9. Qa4+ Nc6 10. O-O Bc5 11. Bd2 Nge7 12. Rc1 Qb6 13. Ba5 Bxf2+ 14. Kf1
Qxa5 15. Qxa5 Nxa5 16. Kxf2 Nac6 17. Bb5 O-O 18. Nbd2 Rfc8 19. Rc3 Nb4 20. a3
Rxc3 21. bxc3 Nbc6 22. Nb3 a6 23. Be2 Ng6 24. Nbd4 Be4 25. Rc1 Bxf3 26. gxf3
Ngxe5 27. Rb1 b5 28. f4 Nxd4 29. cxd4 Nc4 0-1

[Event "VIII Festival A"]
[Site "Salsomaggiore Terme ITA"]
[Date "2004.05.16"]
[Round "6"]
[White "Scuderi, David"]
[Black "Fattorelli, Luciano"]
[Result "1-0"]
[WhiteElo "2059"]
[BlackElo "2129"]
[PlyCount "37"]
[EventDate "2004.05.14"]

1. e4 d6 2. d4 Nf6 3. Nc3 c6 4. Bg5 Qa5 5. Qd2 Nbd7 6. f4 b5 7. Bd3 Nb6 8. Nf3
Nc4 9. Bxc4 bxc4 10. O-O e6 11. d5 cxd5 12. Bxf6 gxf6 13. exd5 Be7 14. Kh1 Bd7
15. Rfe1 O-O-O 16. Qe2 Qc7 17. Nd2 f5 18. Nxc4 Bf6 19. Qd3 1-0

[Event "VIII Festival A"]
[Site "Salsomaggiore Terme ITA"]
[Date "2004.05.16"]
[Round "6"]
[White "Szirmai, Emil"]
[Black "Guastadini, Paolo"]
[Result "0-1"]
[WhiteElo "2088"]
[BlackElo "2130"]
[PlyCount "56"]
[EventDate "2004.05.14"]

1. e4 c6 2. d4 d5 3. Nc3 g6 4. h3 dxe4 5. Nxe4 Bg7 6. Nf3 Nd7 7. Bf4 Ngf6 8.
Nxf6+ Nxf6 9. Be5 O-O 10. Bc4 Bf5 11. O-O Be4 12. Re1 Bxf3 13. Qxf3 Nd5 14.
Rad1 e6 15. Bb3 b5 16. c4 bxc4 17. Bxc4 Qb6 18. Bb3 Bxe5 19. dxe5 a5 20. Re4
Rfc8 21. Rh4 Rc7 22. Qg3 a4 23. Bxd5 cxd5 24. Qg5 Rc2 25. Qf6 Qc7 26. Rxh7 Kxh7
27. Rd4 Rc1+ 28. Kh2 Rc4 0-1

[Event "VIII Festival A"]
[Site "Salsomaggiore Terme ITA"]
[Date "2004.05.16"]
[Round "6"]
[White "Tamburini, Lorenzo"]
[Black "Gilardone, Adriano"]
[Result "1-0"]
[WhiteElo "2084"]
[BlackElo "1931"]
[PlyCount "85"]
[EventDate "2004.05.14"]

1. e4 e6 2. Nf3 d5 3. Nc3 c5 4. exd5 exd5 5. d4 c4 6. Be2 Nf6 7. O-O Bb4 8. Bg5
Bxc3 9. bxc3 O-O 10. Ne5 h6 11. Bh4 g5 12. Bg3 Ne4 13. Bg4 Nc6 14. Bxc8 Qxc8
15. Qh5 Nxg3 16. fxg3 Qe6 17. Ng4 Qg6 18. Qxg6+ fxg6 19. Nf6+ Kg7 20. Nxd5
Rxf1+ 21. Rxf1 Re8 22. Kf2 Kf7 23. Rb1 b6 24. Ne3 Na5 25. Rb4 Rc8 26. Ng4 h5
27. Ne5+ Kf6 28. h3 Kf5 29. Rb5 Kf6 30. Rd5 Ke6 31. Rb5 Rf8+ 32. Ke2 Rf6 33.
Nf3 g4 34. hxg4 hxg4 35. Nh4 Nb7 36. Rg5 Kf7 37. Rxg4 Re6+ 38. Kd2 Nd6 39. Kc1
Ne4 40. Nf3 Kf6 41. Rf4+ Ke7 42. d5 g5 43. Nxg5 1-0

[Event "VIII Festival A"]
[Site "Salsomaggiore Terme ITA"]
[Date "2004.05.16"]
[Round "6"]
[White "Tomasi, Diego"]
[Black "Carzolio, Luigi"]
[Result "0-1"]
[WhiteElo "2033"]
[BlackElo "2037"]
[PlyCount "78"]
[EventDate "2004.05.14"]

1. Nf3 b5 2. g3 Bb7 3. Bg2 e6 4. O-O Nf6 5. d3 Be7 6. e4 d6 7. c3 O-O 8. Qb3 a6
9. a4 Nbd7 10. axb5 Nc5 11. Qc2 axb5 12. Rxa8 Qxa8 13. Na3 Qa6 14. Be3 Nfd7 15.
Rd1 Rb8 16. Qe2 Ba8 17. Nc2 Nb3 18. Nb4 Qa4 19. Ng5 c5 20. Nc2 Qa2 21. Ne1 b4
22. cxb4 Rxb4 23. Qh5 Bxg5 24. Qxg5 Nf6 25. Qf4 e5 26. Qf5 Rb8 27. Nf3 Bc6 28.
Nd2 Bd7 29. Qg5 Nxd2 30. Bxd2 Rxb2 31. Qe3 Ba4 32. Re1 Rxd2 33. h4 Bd7 34. Bf3
h6 35. Kg2 Ng4 36. Bxg4 Bxg4 37. h5 Qc2 38. Ra1 Qxd3 39. Qe1 Qf3+ 0-1

[Event "VIII Festival A"]
[Site "Salsomaggiore Terme ITA"]
[Date "2004.05.16"]
[Round "6"]
[White "Vezzosi, Paolo"]
[Black "Foglia, Maurizio"]
[Result "1-0"]
[WhiteElo "2360"]
[BlackElo "2087"]
[PlyCount "51"]
[EventDate "2004.05.14"]

1. d4 Nf6 2. c4 c5 3. d5 b5 4. cxb5 a6 5. bxa6 Bxa6 6. Nc3 d6 7. Nf3 g6 8. e4
Bxf1 9. Kxf1 Nbd7 10. h3 Bg7 11. Kg1 O-O 12. Kh2 Qb8 13. Re1 Rc8 14. Re2 c4 15.
Nd4 Ne5 16. Be3 Ra6 17. Rb1 Qc7 18. Rc2 Qd7 19. Kg1 e6 20. dxe6 fxe6 21. b4
cxb3 22. axb3 Rxc3 23. Rxc3 Nxe4 24. Rc2 Nf7 25. Rbc1 Bxd4 26. Qxd4 1-0

[Event "Trofeo CBA"]
[Site "Milano ITA"]
[Date "2004.05.14"]
[Round "1"]
[White "Astengo, Corrado"]
[Black "Castaldo, Folco"]
[Result "1/2-1/2"]
[WhiteElo "2129"]
[BlackElo "2329"]
[PlyCount "89"]
[EventDate "2004.05.14"]

1. e4 d6 2. d4 Nf6 3. Nc3 g6 4. g3 Bg7 5. Bg2 O-O 6. Nge2 Nbd7 7. O-O c5 8. h3
Rb8 9. dxc5 Nxc5 10. Be3 b6 11. g4 Bb7 12. Ng3 Qc7 13. f4 Rfe8 14. g5 Nfd7 15.
Qg4 Bc6 16. Rae1 e6 17. h4 Qb7 18. Bd2 a5 19. Nd1 b5 20. Bc3 Bxc3 21. Nxc3 b4
22. Nd1 Rbc8 23. h5 d5 24. e5 d4 25. Bxc6 Qxc6 26. Re2 Qd5 27. Rh2 d3 28. cxd3
Qd4+ 29. Kh1 Nxe5 30. Qh3 Qd5+ 31. Rg2 Ned7 32. hxg6 fxg6 33. Ne3 Qxd3 34. Rh2
Re7 35. Ng4 Ne4 36. Nf5 Qxf1+ 37. Qxf1 exf5 38. Nh6+ Kf8 39. Qd3 Ndc5 40. Qd5
Ne6 41. Qe5 Rc1+ 42. Kg2 Rc2+ 43. Kg1 Rc1+ 44. Kg2 Rc2+ 45. Kg1 1/2-1/2

[Event "Trofeo CBA"]
[Site "Milano ITA"]
[Date "2004.05.14"]
[Round "1"]
[White "Dragojlovic, Andjelko"]
[Black "Rombaldoni, Denis"]
[Result "1/2-1/2"]
[WhiteElo "2340"]
[BlackElo "2158"]
[PlyCount "24"]
[EventDate "2004.05.14"]

1. e4 c6 2. d4 d5 3. Nd2 dxe4 4. Nxe4 Bf5 5. Ng3 Bg6 6. h4 h6 7. h5 Bh7 8. Nf3
Nf6 9. Bd3 Bxd3 10. Qxd3 e6 11. Bf4 Qa5+ 12. Bd2 Qc7 1/2-1/2

[Event "Trofeo CBA"]
[Site "Milano ITA"]
[Date "2004.05.14"]
[Round "1"]
[White "Lanzani, Mario"]
[Black "Bertazzo, Giorgio"]
[Result "1-0"]
[WhiteElo "2360"]
[BlackElo "2141"]
[PlyCount "80"]
[EventDate "2004.05.14"]

1. Nf3 Nf6 2. g3 b5 3. Bg2 Bb7 4. d3 e6 5. e4 d6 6. O-O Be7 7. a4 a6 8. c3 c5
9. Qb3 Qb6 10. axb5 axb5 11. Rxa8 Bxa8 12. Na3 Bc6 13. e5 Nd5 14. d4 Nd7 15.
Qc2 dxe5 16. dxe5 Qb7 17. Qe2 h6 18. Nc2 O-O 19. h4 Ra8 20. Nfe1 Ra2 21. f4 Ra8
22. f5 exf5 23. Rxf5 Nc7 24. Bxh6 Bxg2 25. Qg4 Ne6 26. Nxg2 Ra4 27. b4 cxb4 28.
cxb4 Qa7+ 29. Be3 Qb7 30. h5 Ra2 31. Nce1 Qd5 32. h6 g6 33. h7+ Kxh7 34. Rxf7+
Ng7 35. Rxe7 Nxe5 36. Qh4+ Kg8 37. Qf6 Rxg2+ 38. Nxg2 Qd1+ 39. Qf1 Nf3+ 40. Kf2
Qc2+ 1-0

[Event "Trofeo CBA"]
[Site "Milano ITA"]
[Date "2004.05.14"]
[Round "1"]
[White "Qendro, Llambi"]
[Black "Van Hoolandt, Patrick"]
[Result "1/2-1/2"]
[WhiteElo "2366"]
[BlackElo "2237"]
[PlyCount "44"]
[EventDate "2004.05.14"]

1. d4 d5 2. c4 c6 3. Nf3 Nf6 4. cxd5 cxd5 5. Nc3 Nc6 6. Bf4 a6 7. e3 Bg4 8. Be2
e6 9. O-O Be7 10. Ne5 Bxe2 11. Qxe2 Rc8 12. Rfc1 O-O 13. Na4 Nxe5 14. Bxe5 Nd7
15. Bg3 Qa5 16. Qd1 b5 17. Nc3 Rc4 18. Ne2 Rfc8 19. b3 Rxc1 20. Rxc1 Rxc1 21.
Nxc1 h6 22. h3 Qc3 1/2-1/2

[Event "Trofeo CBA"]
[Site "Milano ITA"]
[Date "2004.05.15"]
[Round "2"]
[White "Astengo, Corrado"]
[Black "Ricci, Marco"]
[Result "1-0"]
[WhiteElo "2129"]
[BlackElo "2169"]
[PlyCount "87"]
[EventDate "2004.05.14"]

1. e4 d5 2. exd5 Qxd5 3. Nc3 Qa5 4. d4 Nf6 5. Bc4 c6 6. Nf3 Bf5 7. Bd2 Qb6 8.
Bb3 e6 9. Qe2 Nbd7 10. O-O-O Bb4 11. d5 cxd5 12. Nxd5 Nxd5 13. Bxd5 Rc8 14. Bb3
Bxd2+ 15. Rxd2 Nc5 16. Nd4 Bg6 17. Qb5+ Qxb5 18. Nxb5 Ne4 19. Re2 a6 20. Rxe4
axb5 21. Rb4 Rc5 22. Rxb5 Rxb5 23. Ba4 Ke7 24. Bxb5 Rc8 25. c3 Be4 26. f3 Bd5
27. Kc2 e5 28. b3 f5 29. c4 Be6 30. Re1 Kd6 31. Kc3 Rc7 32. a4 Re7 33. a5 Bc8
34. b4 g5 35. c5+ Kc7 36. Bc4 Kc6 37. Rd1 Rd7 38. Rxd7 Bxd7 39. Bg8 h5 40. Kc4
e4 41. fxe4 fxe4 42. Bd5+ Kc7 43. Bxe4 Be6+ 44. Bd5 1-0